Регионална библиотека "Любен Каравелов" - Русе

Математически състезания в тестове и задачи ІV - V клас (Запис номер 150922)

MARC детайли
000 -Лидер
Контролно поле с фиксирана дължина 01763nam a2200385 c 4500
003 - Код на организацията, давaща контролен номер
Контролно поле BLK
005 - Дата и час на последна редакция
Контролно поле 20180422113037.0
008 - Елементи от данни с фиксирана дължина
fixed length control field 180410b bul|||||r ||||||| ||bul||
010 ## - Наследен системен номер
LC control number KNG00157277000
020 ## - Международен стандартен номер на книга ISBN
Международен стандартен номер на книга ISBN 978-954-745-221-3
-- издат.: Регалия 6
040 ## - Източник на каталожния запис
Идентификатор на билиотеката - собственик на записа BLK
041 ## - Код за език
Код за езика на текст/звукозапис или на отделно заглавие Български
Код за езика КДБФ Български
072 #7 - Код за тематичната категория
Код организация bullib
Код за тематична категория Н37
Текст Образование. Педагогика Н
080 ## - УДК
Текстов определител УДК Основи на математиката в основното образование
УДК код - определител по УДК 372.47
УДК определител (079)(075.2)
УДК - код + определител 372.47(079)(075.2)
080 ## - УДК
Текстов определител УДК Методика на математиката
УДК код - определител по УДК 372.851
УДК определител (079)(075.2)
УДК - код + определител 372.851(079)(075.2)
139 ## - Редно поле
Редна дума Математически състезания в тестове и задачи ІV - V клас
Авторски знак Мате - М 39
245 10 - Сведения за заглавието
Заглавие Математически състезания в тестове и задачи ІV - V клас
Редно поле (дума) състав. Димитър Георгиев Димитров; състав. Йорданка Владимирова Еленкова.
250 ## - Област на изданието
Сведения за изданието 4. изд.
257 ## - Страна на издаване
Страна на създаване/издаване България
260 ## - Област на издателските данни
-- София
Име на издателя, разпространителя и проч. Регалия 6
Година на издаване 2012
Печатница София : Монт
300 ## - Физическа характеристика
Страници 176 с.
Размери/Мащаб 24 см
380 ## - Жанр
Жанр Обществени науки
650 #4 - Допълнително описание по предмет – тема
Основно описание – тема или топоним Математически състезания
9 (RLIN) 331151
653 ## - Ключова дума – ненормативна
Ключова дума математически състезания
653 ## - Ключова дума – ненормативна
Ключова дума тестови задачи
653 ## - Ключова дума – ненормативна
Ключова дума ІV кл.
653 ## - Ключова дума – ненормативна
Ключова дума V кл.
700 1# - Други автори (авторска отговорност)
Лично име Димитров, Димитър Георгиев
Автороска отговорност (Описва отношението между автора и произведението) състав.
9 (RLIN) 364131
700 1# - Други автори (авторска отговорност)
Лично име Еленкова, Йорданка Владимирова
Автороска отговорност (Описва отношението между автора и произведението) състав.
9 (RLIN) 274572
852 ## - Местоположение
Форматна сигнатура Цб 263608
856 4# - Електронен адрес и достъп
Електронен формат pdf - файл
Път до файла /url/
856 4# - Електронен адрес и достъп
Електронен формат pdf - файл
Път до файла /url/
942 ## - АРТИКУЛИ
Вид на библиотечния материал Книги
Скрит в OPAC Не
944 ## - СЪЗДАВАНЕ И РЕДАКЦИЯ на ЗАПИСА
Създаване/Редакция Създаване
Дата на регистрацията/редакция 28.02.2014
Служител, извършил регистрацията/редакцията Пенка_Димитрова
944 ## - СЪЗДАВАНЕ И РЕДАКЦИЯ на ЗАПИСА
Създаване/Редакция Редакция
Дата на регистрацията/редакция 14.09.2015
Служител, извършил регистрацията/редакцията Виолета_Тройчева
999 ## - СИСТЕМНИ КОНТРОЛНИ НОМЕРА
Koha biblionumber 150922
Koha biblioitemnumber 150922
Наличности
Код за отписване Код за изгубен артикул Код за повреда Коз за рестрикции Код за отдаване Артикулен № Име на библиотеката - собственик Име на библиотеката, в която се намира в момента Статус (Текущо местоположение) Дата на вписване в системата Местоположение - отдел Цена в лева Инвентарен номер Систематично азбучна сигнатура Баркод Номер на екземпляра Цена в евро Служебна бележка Служебен тип на артикула
  Не е изгубен Не е повреден без рестрикции ползва се в читалня 252181 Регионална библиотека "Любен Каравелов" Русе Регионална библиотека "Любен Каравелов" Русе Хранилище 2014-03-10 Хранилище 7.00 120000775277 Цб 263608 120000775277 1 3.58 Дост: Dp Вид: Д N: 10 Дата: 11.03.2013 Книги
Vip Innovations Ltd, Rousse, Bulgaria 2025